000 00705nam a22002292 4500
001 0000020867
005 20151217145928.0
008 111025s xx 000 0 eng d
020 _a1405859417 :
040 _aKABU
_cKABU
100 1 _aElliott, Catherine.
_@0000160117
245 1 0 _aEnglish legal system /
_cCatherine Elliot, Frances Quinn.
250 _a9th ed.
260 _aHarlow :
_bPearson,
_c2008.
300 _axxxiii, 640 p.
650 0 _aLaw
_zGreat Britain.
_@0000153325
650 0 _aJustice, Administration of
_zGreat Britain.
_@0000181501
700 1 _aQuinn, Frances.
_@0000160120
852 1 _9p6000 KES
908 _a111025
950 _@1
999 _c4202
_d4202